000 00613nam a22002177a 4500
003 UA-OsUOA
001 130011
007 ta
008 20180402b un ||||| |||| 00| 0 ukr d
100 _aКривоторенко О.
090 _a070
_bК82
942 _cSA
040 _aUA-OsUOA
_bukr
_cUA-OsUOA
_dUA-OsUOA
245 _aОснови журналістики, 11 клас
300 _aС.4-43
955 _a0
041 _aukr
080 _a070
773 0 _w130006
_tУкраїнська мова і література в школі
_dК.
_d2018
_g1
650 7 _a0 Загальний відділ.
_2UDC
999 _c417939
_d417939